Qual era l'ex Capitale? - Statistics

Statistiche generali
  • Questo quiz è stato fatto 39 volte
  • Il punteggio medio è 8 su 18
Statistiche sulle risposte
Domanda Risposta % Corretto
Qual era l'ex Capitale della Nigeria? 1914-1976 Lagos
85%
Qual era l'ex Capitale della Russia? 1721-1918 San Pietroburgo
82%
Qual era l'ex Capitale della Germania (de facto)? 1949-1990 Bonn
71%
Qual era l'ex Capitale degli Stati Uniti? 1790-1800 Filadelfia
65%
Qual era l'ex Capitale del Giappone? 794-1868 Kyoto
65%
Qual era l'ex Capitale del Brasile? 1763-1960 Rio de Janeiro
65%
Qual era l'ex Capitale della Francia (de facto)? 1940-1944 Vichy
65%
Qual era l'ex Capitale della Costa d'Avorio? 1933-1983 Abidjan
62%
Qual era l'ex Capitale della Cina? 1945-1949 Nanchino
53%
Qual era l'ex Capitale dell'Australia? 1901-1927 Melbourne
38%
Qual era l'ex Capitale d'Italia? 1865-1871 Firenze
35%
Qual era l'ex Capitale del Marocco? 1727-1912 Fès
24%
Qual era l'ex Capitale della Danimarca? 1020-1443 Roskilde
21%
Qual era l'ex Capitale della Polonia (de facto)? 1945-1947 Łódź
18%
Qual era l'ex Capitale dell'Arabia Saudita? 1744-1818 Diriya
12%
Qual era l'ex Capitale del Canada? 1859-1865 Quebec
9%
Qual era l'ex Capitale della Grecia? 1821-1836 Napulia
6%
Qual era l'ex Capitale del Portogallo? 1808-1821 Rio de Janeiro
6%
Nessun quiz corrispondente trovato
Distribuzione punteggi
Percentuale di utenti per punteggio
Percentile per numero di risposta
I tuoi punteggi nel tempo
Non hai fatto questo quiz